LEADER 01698nam0 22004213i 450 001 VAN00290155 005 20250327114352.963 017 70$2N$a9783034891202 100 $a20250327d1993 |0itac50 ba 101 $aeng 102 $aCH 105 $a|||| ||||| 181 $ai$b e 182 $ab 183 $acr 200 1 $aDiscrete Event Systems: Modeling and Control$eProceedings of a Joint Workshop held in Prague, August 1992$fS. Balemi, P. Kozák, R. Smedinga editors 210 $aBasel [etc.]$cBirkhäuser$d1993 215 $avi, 230 p.$d24 cm 410 1$1001VAN00053300$12001 $aProgress in systems and control theory$1210 $aBoston$cBirkhäuser$v13 610 $aAutomatic control$9KW:K 610 $aControl$9KW:K 610 $aControl theory$9KW:K 610 $aDiscrete event systems$9KW:K 610 $aInformation Theory$9KW:K 610 $aSystems$9KW:K 620 $aCH$dBasel$3VANL002076 702 1$aBalemi$bSilvano$3VANV243994$4340 702 1$aKozák$bPetr$3VANV245263$4340 702 1$aSmedinga$bRein$3VANV245264$4340 712 $aBirkhäuser $3VANV108193$4650 801 $aIT$bSOL$c20250530$gRICA 856 4 $uhttps://doi.org/10.1007/978-3-0348-9120-2$zE-book ? Accesso al full-text attraverso riconoscimento IP di Ateneo, proxy e/o Shibboleth 899 $aBIBLIOTECA DEL DIPARTIMENTO DI MATEMATICA E FISICA$1IT-CE0120$2VAN08 912 $fN 912 $aVAN00290155 950 $aBIBLIOTECA DEL DIPARTIMENTO DI MATEMATICA E FISICA$d08DLOAD e-Book 11253 $e08eMF11253 20250528 996 $aDiscrete Event Systems: Modeling and Control$94342834 997 $aUNICAMPANIA